[Event "Buenos Aires Duchamp op 1st"]
[Site "Buenos Aires"]
[Date "2011.09.22"]
[Round "9"]
[White "Quirhuayo Chumbe, German Gonzalo"]
[Black "Martinez, Luciana"]
[Result "1-0"]
[WhiteElo "1783"]
[BlackElo "1477"]
[PlyCount "85"]
[EventDate "2011.09.12"]
[EventType "swiss"]
[EventRounds "9"]
[EventCountry "ARG"]
[SourceTitle "EXT 2014"]
[Source "ChessBase"]
[SourceDate "2013.11.20"]
[SourceVersion "1"]
[SourceVersionDate "2013.11.20"]
[SourceQuality "1"]

1. d4 Nf6 2. Nf3 d6 3. c4 Bg4 4. e3 Nbd7 5. h3 Bxf3 6. Qxf3 c6 7. Bd3 e5 8. 0-0 Be7 9. Nc3 0-0 10. b3 Re8 11. Bb2 Qc7 12. Rac1 Rad8 13. d5 Nc5 14. Bb1 Bf8 15. e4 a5 16. Ne2 g6 17. Rcd1 Bg7 18. Bc1 cxd5 19. cxd5 Qb6 20. Bg5 Ncd7 21. Be3 Qc7 22. Rc1 Qb8 23. Nc3 b5 24. Bd3 b4 25. Nb5 Bf8 26. Nc7 Re7 27. Na6 Qa8 28. Bg5 Bg7 29. Rc7 h6 30. Be3 Rde8 31. Ra7 Qd8 32. Nc7 Nc5 33. Bxc5 Rxc7 34. Bb6 Ree7 35. Bxc7 Rxc7 36. Rxc7 Qxc7 37. Qe3 Nh5 38. Rc1 Qd8 39. Ba6 Qf6 40. Rc8+ Kh7 41. Qb6 Nf4 42. Qd8 Nh5 43. Qg8# 1-0

[Event "Buenos Aires Duchamp op 1st"]
[Site "Buenos Aires"]
[Date "2011.09.21"]
[Round "8"]
[White "Martinez, Luciana"]
[Black "Valente, Hector Manuel"]
[Result "0-1"]
[WhiteElo "1477"]
[BlackElo "1849"]
[PlyCount "26"]
[EventDate "2011.09.12"]
[EventType "swiss"]
[EventRounds "9"]
[EventCountry "ARG"]
[SourceTitle "EXT 2014"]
[Source "ChessBase"]
[SourceDate "2013.11.20"]
[SourceVersion "1"]
[SourceVersionDate "2013.11.20"]
[SourceQuality "1"]

1. e4 e6 2. Nc3 c5 3. Nf3 Nc6 4. Bb5 a6 5. Bxc6 dxc6 6. e5 Ne7 7. d3 Nd5 8. Ne4 Be7 9. a3 0-0 10. c4 Nc7 11. Be3 b6 12. a4 a5 13. 0-0 Na6 0-1

[Event "Buenos Aires Duchamp op 1st"]
[Site "Buenos Aires"]
[Date "2011.09.14"]
[Round "3"]
[White "Martinez, Luciana"]
[Black "Conde, Adrian"]
[Result "0-1"]
[WhiteElo "1477"]
[BlackElo "2012"]
[PlyCount "28"]
[EventDate "2011.09.12"]
[EventType "swiss"]
[EventRounds "9"]
[EventCountry "ARG"]
[SourceTitle "EXT 2014"]
[Source "ChessBase"]
[SourceDate "2013.11.20"]
[SourceVersion "1"]
[SourceVersionDate "2013.11.20"]
[SourceQuality "1"]

1. Nf3 Nf6 2. d4 e6 3. c4 Bb4+ 4. Bd2 Be7 5. Nc3 d5 6. Bg5 0-0 7. e3 h6 8. Bh4 Nbd7 9. c5 c6 10. b4 b6 11. Bd3 bxc5 12. bxc5 e5 13. dxe5 Ng4 14. Bxe7 Qxe7 0-1